000 00392nam a2200181Ia 4500
005 20240823030418.0
008 240823s9999||||xx |||||||||||||| ||und||
041 _aENGLISH
082 _A158
100 _aAuriela Mc Carthy
245 4 _aThe Power of the Possible
250 _a1st
260 _bJaico
500 _aYES
650 _aPower
_bGeneral
942 _cBK
999 _c188635
_d188635